Oznamovacia a zabezpečovacia technika

Bibliographic Details
Main Author: Šoltýs, Vojtech, 1940- (Author)
Format: Book
Language:Slovak
PhysicalDescription:333 strán schémy 30 cm
Published: Žilina Vysoká škola dopravy a spojov 1991
ISBN:807100040X
Edition:1. vyd.
Series:Vysokoškolské učebné texty
Subjects:

MARC

LEADER 00000cam a2200000 a 4500
001 vtls001066747
003 SK-MaSNL
005 20260301232731.0
008 240515s1991 xo l frnp 000 0 slo
015 |a SNBA1991/05 
020 |a 807100040X  |q (brožované) 
035 |a SNK000009577 
035 |a urn:nbn:sk:snk-amlj85 
035 |a urn:nbn:sk:snk-am00brak 
035 |a F1E2E299-AC67-4E29-93D0-9023400AD0BA 
040 |a SNK  |b slo  |c SNK  |e AACR2 
041 0 |a slo 
044 |a xo  |c SK 
080 |a 656.25(075.8)  |2 1981 
245 0 0 |a Oznamovacia a zabezpečovacia technika  |c Vojtech Šoltýs ... [et al.] 
250 |a 1. vyd. 
260 |a Žilina  |b Vysoká škola dopravy a spojov  |c 1991 
300 |a 333 strán  |b schémy  |c 30 cm 
366 |e 400 kusov 
490 1 |a Vysokoškolské učebné texty 
504 |a Obsahuje bibliografiu 
650 0 7 |a železničná doprava  |2 SNKPH  |9 3185 
650 0 7 |a oznamovacia technika  |2 SNKPH  |9 1533 
650 0 7 |a zabezpečovacia technika  |2 SNKPH  |9 29322 
655 7 |a učebnice vysokých škôl  |2 SNKPH  |9 70191 
700 1 |a Šoltýs, Vojtech,  |d 1940-  |4 aut  |9 10232 
830 0 |a Vysokoškolské učebné texty  |9 276539 
852 |a Slovenská národná knižnica 
919 |a 80-7100-040-X 
954 |a odborná, vedecká literatúra pôvodná (slovenská)  |2 lita 
954 |a odborná, vedecká literatúra cudzojazyčná (svetová)  |2 lita 
958 |a RK 
958 |a TL 
958 |a NB 
958 |a OND 
958 |a UV 
999 |c 962581  |d 964511 
952 |t P60, <04>, [BOOK], {604}  |a SNK  |b SNK  |y VYP  |7 0  |p 17A0148495  |o snkSB 48781 D1  |0 0  |1 0  |4 0  |d 1998-07-08  |l 0  |r 2004-12-31 00:00:00  |w 2026-02-24 
952 |a SNK  |b SNK  |y PREZ  |7 0  |p 17A0807734  |o snkSB 48781  |0 0  |1 0  |4 0  |d 2012-07-12  |f 1  |l 0  |r 2026-02-24 10:24:58  |w 2026-02-24